Челноков М. В. О необходимости переговорить о морских делах

Доступно только в Электронных читальных залах Найти на картеНа карте
RUSMARC
00004261nac2a22002893x 450
001abed52a9-2329-4b6d-9373-5a7da42050c0
00520211210115433.0
100##$a20211120l1910 k y0rusy50 ca
1010#$arus
102##$aRU
105##$ay z |||||
1220#$ad19101217
2001#$aЧелноков М. В. О необходимости переговорить о морских делах
$j17 декабря 1910
215##$a2 листа
251##$cДело
300##$aЗаголовок дела на папке: Письмо Челнокова М. В. - Звегинцеву Ал. Ив. (О необходимости переговорить о морских делах)
300##$aЛисты: I - обложка с загол. шифром; II - заверитель с отметками о пров.; III - карточка в выдачи
300##$aРукописный текст
330##$aВходит в раздел описи: 1. Письма к А. И. Звегинцову. 2/ Письма по служебной деятельности А. И. Звегинцова
461#0$1001fc48e33c-c630-4015-85dd-2f2aab656f45
$12001
$aЗвегинцев Александр Иванович, помещик Воронежской губернии, депутат III Государственной думы, член партии "Союз 17 октября"
$1251
$cФонд
$1852
$j932
462#0$1001ddcf82e7-7bd9-4c5e-b7f1-85df8b3febb3
$12001
$aДела постоянного хранения. 1899-1913 гг.
$vД. 381
$1251
$cОпись
$1852
$j1
5171#$aПисьмо Челнокова М. В. - Звегинцеву Ал. Ив. (О необходимости переговорить о морских делах)
600#1$aЗвегинцев
$bА. И.
$gАлександр Иванович
600#1$aЧелноков
$bМ. В.
801#0$aRU
$bGA_RF
801#1$aRU
$bГлавНИВЦ
$c20211120
$2rusmarc
801#2$aRU
$bПБ им. Б.Н. Ельцина
$c20211210
$gRCR
$2rusmarc
852##$aГА РФ
$j381
937##$d171409404
$hГАРФ
035##$aRuPRLIB51062624
856##$uhttp://readingroom.main.prlib.ru/item.aspx?id_node=n171409404&mode=full
Формат отображения